Textbook of engineering mechanics (Record no. 14823)
[ view plain ]
| 000 -LEADER | |
|---|---|
| fixed length control field | 00244nam a22001097a 4500 |
| 082 ## - DEWEY DECIMAL CLASSIFICATION NUMBER | |
| Classification number | 620.1 |
| Item number | BEN/TE |
| 100 ## - MAIN ENTRY--AUTHOR NAME | |
| Personal name | Benjamin J |
| 245 ## - TITLE STATEMENT | |
| Title | Textbook of engineering mechanics |
| 250 ## - EDITION STATEMENT | |
| Edition statement | 4th |
| 260 ## - PUBLICATION, DISTRIBUTION, ETC. (IMPRINT) | |
| Place of publication | Kollam |
| Name of publisher | Pentex |
| Year of publication | 2015 |
| 942 ## - ADDED ENTRY ELEMENTS (KOHA) | |
| Koha item type | Books |
| Withdrawn status | Lost status | Damaged status | Collection code | Home library | Current library | Shelving location | Date acquired | Source of acquisition | Cost, normal purchase price | Full call number | Accession Number | Koha item type |
|---|---|---|---|---|---|---|---|---|---|---|---|---|
| KAUAET | KAUAET | General Stacks | 30/03/2017 | Aman Books | 275.00 | 620.1 BEN/TE | 25475 | Books | ||||
| KAUAET | KAUAET | General Stacks | 30/03/2017 | Aman Books | 275.00 | 620.1 BEN/TE | 25476 | Books | ||||
| KAUAET | KAUAET | General Stacks | 30/03/2017 | Aman Books | 275.00 | 620.1 BEN/TE | 25477 | Books | ||||
| KAUAET | KAUAET | General Stacks | 30/03/2017 | Aman Books | 275.00 | 620.1 BEN/TE | 25478 | Books | ||||
| KAUAET | KAUAET | General Stacks | 30/03/2017 | Aman Books | 275.00 | 620.1 BEN/TE | 25479 | Books | ||||
| KAUAET | KAUAET | 27/09/2018 | 620.1 BEN/TE | 25077 | Books |
